Länder Flagge + Umriss Diashow #2 - Statistiken

Allgemein
  • Dieses Quiz wurde 2.784 mal gespielt
  • Das Durchschnittsergebnis liegt bei 9 aus 11
Antwortstatistiken
Antwort % Korrekt
Spanien
97%
Australien
96%
Brasilien
95%
Türkei
95%
Vereinigte Staaten
95%
Indien
94%
Südafrika
87%
Ägypten
86%
Costa Rica
68%
Kambodscha
67%
Libyen
59%
Keine übereinstimmenden Quizze gefunden
Verteilung der Resultate
Anzahl Personen mit jedem Resultat
Perzentil nach korrekt beantworteten Fragen
Ihre Resultats-Entwicklung
Sie haben dieses Quiz noch nicht gespielt